[Event "Ct. Lleida indiv. Absolut"]
[Site "Lleida"]
[Date "2013.10.06"]
[Round "1"]
[White "Sanuy Moncasi, A."]
[Black "Gonzalez Andrade, JA."]
[Result "0-1"]
[WhiteElo "1945"]
[BlackElo "1906"]
[PlyCount "80"]
[EventDate "2013.??.??"]
[EventType "swiss"]
[EventRounds "9"]

1. e4 c5 2. c3 e5 3. Bc4 Nf6 4. d3 Be7 5. f4 Nc6 6. Nf3 d6 7. O-O O-O 8. fxe5
dxe5 9. a3 Bg4 10. b4 Qc7 11. h3 Bd7 12. Ra2 Rad8 13. Raf2 Be8 14. Qe2 a6 15.
Nh4 b5 16. Ba2 cxb4 17. axb4 Rd7 18. Rxf6 Bxf6 19. Rxf6 gxf6 20. Bh6 f5 21.
Nxf5 Ne7 22. Nxe7+ Kh8 23. Qg4 Qb6+ 24. Kh2 Qxh6 25. Nd5 f5 26. Qe2 Rg7 27. Nd2
Bd7 28. exf5 Rxf5 29. Nf3 Qg6 30. Ne3 Rh5 31. Nf1 Bc6 32. Qf2 Rf5 33. Ne3 Rf4
34. Ng4 Qd6 35. Qe3 Bxf3 36. gxf3 Rg5 37. Qf2 h5 38. Ne3 Rxf3 39. Qh4 e4+ 40.
Kh1 Qg3 0-1

[Event "Ct. Lleida indiv. Absolut"]
[Site "Lleida"]
[Date "2013.10.06"]
[Round "1"]
[White "Trepat Herranz, J."]
[Black "Solani Nuñez, J."]
[Result "1-0"]
[WhiteElo "2336"]
[BlackElo "1680"]
[PlyCount "69"]
[EventDate "2013.??.??"]
[EventType "swiss"]
[EventRounds "9"]

1. d4 e5 2. dxe5 Nc6 3. Nf3 Qe7 4. Bf4 Qb4+ 5. Bd2 Qxb2 6. Nc3 Bb4 7. Rb1 Qa3
8. Nd5 Ba5 9. Rb5 Bb6 10. Rxb6 axb6 11. Nxc7+ Kf8 12. Nxa8 Qxa8 13. Qb1 Nge7
14. Qb3 Qb8 15. Qxb6 d6 16. exd6 Qxd6 17. e4 Qe6 18. Bd3 h5 19. O-O h4 20. h3
f6 21. Nd4 Qe5 22. Nxc6 Nxc6 23. f4 Qd6 24. Be3 Kg8 25. Qc5 Qxc5 26. Bxc5 Be6
27. a3 Kf7 28. Rb1 Rb8 29. Bd6 Rd8 30. Rxb7+ Rd7 31. Rxd7+ Bxd7 32. Kf2 Na5 33.
Ke3 Ke6 34. Bb4 g6 35. Bxa5 1-0

[Event "Ct. Lleida indiv. Absolut"]
[Site "Lleida"]
[Date "2013.10.06"]
[Round "1"]
[White "Urpi Torrents, R."]
[Black "Escur Hereu, J."]
[Result "1-0"]
[WhiteElo "2055"]
[BlackElo "1587"]
[PlyCount "79"]
[EventDate "2013.??.??"]
[EventType "swiss"]
[EventRounds "9"]

1. Nf3 d5 2. c4 c6 3. b3 Bg4 4. d4 Bxf3 5. exf3 e6 6. Bb2 Nf6 7. Be2 Bd6 8. O-O
O-O 9. Nd2 Nh5 10. g3 Qg5 11. Kh1 Nf6 12. f4 Qh6 13. Nf3 Ne4 14. Kg2 f5 15. Ne5
Bxe5 16. dxe5 Nc5 17. Ba3 b6 18. cxd5 cxd5 19. b4 Ncd7 20. Rc1 Rd8 21. Rc7 Nf8
22. Qd4 Nbd7 23. Rfc1 Qg6 24. Bb5 a6 25. Bc6 Rac8 26. Bb7 Rxc7 27. Rxc7 a5 28.
b5 Qg4 29. f3 Qh5 30. Bc6 Qf7 31. Bd6 h6 32. Rb7 g5 33. fxg5 hxg5 34. Bc7 Rc8
35. Bxb6 f4 36. Bc5 Qf5 37. Bd6 Qc2+ 38. Qf2 Qxf2+ 39. Kxf2 Rd8 40. Ra7 1-0

[Event "Ct. Lleida indiv. Absolut"]
[Site "Lleida"]
[Date "2013.10.13"]
[Round "2"]
[White "Arnillas Moles, J."]
[Black "Perez Cabas, J."]
[Result "0-1"]
[WhiteElo "1797"]
[BlackElo "2021"]
[PlyCount "24"]
[EventDate "2013.??.??"]
[EventType "swiss"]
[EventRounds "9"]

1. e4 c5 2. Nc3 e6 3. f4 Nc6 4. Nf3 Nge7 5. d4 cxd4 6. Nxd4 a6 7. Be3 b5 8. a3
Bb7 9. Be2 Nxd4 10. Qxd4 d5 11. O-O-O dxe4 12. Nxe4 Qxd4 0-1

[Event "Ct. Lleida indiv. Absolut"]
[Site "Lleida"]
[Date "2013.10.13"]
[Round "2"]
[White "Barbero Sendic, A."]
[Black "Rodon Balcells, J."]
[Result "1-0"]
[WhiteElo "2340"]
[BlackElo "1823"]
[PlyCount "69"]
[EventDate "2013.??.??"]
[EventType "swiss"]
[EventRounds "9"]

1. e4 d5 2. exd5 Qxd5 3. Nc3 Qd8 4. Ne4 e5 5. Bc4 f5 6. Nc3 Nf6 7. Nge2 Nc6 8.
d4 exd4 9. Nb5 a6 10. Nbxd4 Ne5 11. Bb3 c5 12. Bf4 Qa5+ 13. Bd2 Qc7 14. Ne6
Bxe6 15. Bxe6 Qc6 16. Nf4 g5 17. Qe2 Bd6 18. O-O-O Qe4 19. f3 Qxe2 20. Nxe2 f4
21. Bxf4 gxf4 22. Rxd6 Ke7 23. Rb6 Nh5 24. Bg4 Nxg4 25. fxg4 Nf6 26. Rxb7+ Kd6
27. Rb6+ Ke5 28. Nxf4 Nxg4 29. Nd3+ Kd5 30. Rd1 Rhf8 31. g3 c4 32. Nf4+ Kc5 33.
Rdd6 Rac8 34. Rxa6 Nxh2 35. c3 1-0

[Event "Ct. Lleida indiv. Absolut"]
[Site "Lleida"]
[Date "2013.10.13"]
[Round "2"]
[White "Biosca Lacasa, J."]
[Black "Cosialls Baz, D."]
[Result "0-1"]
[WhiteElo "1940"]
[BlackElo "1690"]
[PlyCount "70"]
[EventDate "2013.??.??"]
[EventType "swiss"]
[EventRounds "9"]

1. d4 d5 2. Nf3 Nf6 3. Bf4 e6 4. e3 c5 5. c3 Nc6 6. Bd3 Bd6 7. O-O Bxf4 8. exf4
cxd4 9. cxd4 O-O 10. Nc3 Qd6 11. Qd2 Nb4 12. Nb5 Qe7 13. Bb1 Bd7 14. Nc3 Rac8
15. a3 Nc6 16. Re1 a6 17. Qd3 Qd6 18. Ne5 Ne7 19. h4 g6 20. g4 Kg7 21. h5 gxh5
22. g5 Ne4 23. Nxe4 dxe4 24. Qxe4 Nf5 25. Nxd7 Qxd7 26. Qe5+ f6 27. gxf6+ Rxf6
28. Bxf5 exf5 29. Re2 Rd8 30. Rd1 Qd5 31. Qc7+ Kh6 32. Kh2 Rg8 33. Rg1 Rxg1 34.
Kxg1 Rg6+ 35. Kf1 Qh1# 0-1

[Event "Ct. Lleida indiv. Absolut"]
[Site "Lleida"]
[Date "2013.10.13"]
[Round "2"]
[White "Campos Olaya, I."]
[Black "Montoliu Daroca, I."]
[Result "1-0"]
[WhiteElo "2165"]
[BlackElo "1789"]
[PlyCount "31"]
[EventDate "2013.??.??"]
[EventType "swiss"]
[EventRounds "9"]

1. e4 c5 2. Nc3 a6 3. Nf3 b5 4. d4 c4 5. a4 Bb7 6. axb5 axb5 7. Rxa8 Bxa8 8.
Nxb5 Bxe4 9. Bxc4 Qc8 10. Bxf7+ Kd8 11. Bf4 d6 12. Ng5 Bf5 13. Qd2 Qa6 14. Bc4
Qa8 15. Nf7+ Kd7 16. O-O 1-0

[Event "Ct. Lleida indiv. Absolut"]
[Site "Lleida"]
[Date "2013.10.13"]
[Round "2"]
[White "Degracia Burgues, JA."]
[Black "Trepat Herranz, J."]
[Result "0-1"]
[WhiteElo "1869"]
[BlackElo "2336"]
[PlyCount "34"]
[EventDate "2013.??.??"]
[EventType "swiss"]
[EventRounds "9"]

1. e4 e6 2. d4 d5 3. Nf3 dxe4 4. Ne5 Nf6 5. c3 a6 6. f4 c5 7. Be2 Be7 8. O-O
O-O 9. h4 cxd4 10. cxd4 Qb6 11. h5 Rd8 12. Be3 Nd5 13. Bf2 Qxb2 14. h6 g6 15.
Bc4 e3 16. Be1 e2 17. Qxe2 Qxe2 0-1

[Event "Ct. Lleida indiv. Absolut"]
[Site "Lleida"]
[Date "2013.10.13"]
[Round "2"]
[White "Farre Morell, A."]
[Black "Palau Cabases, A."]
[Result "1/2-1/2"]
[WhiteElo "1738"]
[BlackElo "1961"]
[PlyCount "38"]
[EventDate "2013.??.??"]
[EventType "swiss"]
[EventRounds "9"]

1. d4 Nf6 2. Nf3 g6 3. g3 Bg7 4. Bg2 O-O 5. c4 c5 6. e3 cxd4 7. exd4 d5 8. O-O
Nc6 9. b3 Bg4 10. Bb2 dxc4 11. bxc4 Qb6 12. Qb3 Nd7 13. Nbd2 Nxd4 14. Qxb6 Ne2+
15. Kh1 Nxb6 16. Bxg7 Kxg7 17. Rfe1 Nc3 18. Rxe7 Bxf3 19. Bxf3 Rab8 {
irreproduible} 1/2-1/2

[Event "Ct. Lleida indiv. Absolut"]
[Site "Lleida"]
[Date "2013.10.13"]
[Round "2"]
[White "Monfa Sole, R."]
[Black "Blanch Plana, JR."]
[Result "1-0"]
[WhiteElo "2008"]
[BlackElo "1729"]
[PlyCount "103"]
[EventDate "2013.??.??"]
[EventType "swiss"]
[EventRounds "9"]

1. d3 e6 2. a3 d5 3. Nd2 f5 4. Ngf3 Nf6 5. c4 c6 6. b3 Bd6 7. Bb2 O-O 8. e3 Qe7
9. Ne5 Nbd7 10. Ndf3 Ng4 11. Nxd7 Bxd7 12. h3 Nxe3 13. fxe3 Bg3+ 14. Kd2 e5 15.
Kc2 dxc4 16. dxc4 Rad8 17. Qe2 a5 18. Bc3 b6 19. Be1 Bxe1 20. Qxe1 Qc5 21. Qc3
f4 22. e4 Rfe8 23. b4 axb4 24. axb4 Qf2+ 25. Qd2 Qg3 26. Bd3 Ra8 27. Qe2 Rad8
28. Ra3 Qg6 29. Rha1 Qd6 30. Kc3 c5 31. b5 h6 32. Bc2 Qe7 33. Ra7 Qe6 34. Rd1
Kh7 35. Rd5 Bc8 36. Qd2 Qf6 37. Kb3 Be6 38. Rxd8 Rxd8 39. Qc3 Rd4 40. Nxd4 cxd4
41. Qd3 Qd8 42. Bd1 Qe8 43. Kc2 Qg6 44. Bf3 Qe8 45. Bg4 Bxg4 46. hxg4 Qg6 47.
Qh3 d3+ 48. Qxd3 Qxg4 49. Qf3 Qc8 50. Kb3 Qb8 51. Rd7 Qf8 52. Qg4 1-0

[Event "Ct. Lleida indiv. Absolut"]
[Site "Lleida"]
[Date "2013.10.13"]
[Round "2"]
[White "Pages Jane, J."]
[Black "Arno Bendicho, A."]
[Result "1/2-1/2"]
[WhiteElo "1692"]
[BlackElo "1927"]
[PlyCount "91"]
[EventDate "2013.??.??"]
[EventType "swiss"]
[EventRounds "9"]

1. e4 c5 2. Nc3 Nc6 3. g3 g6 4. Bg2 Bg7 5. d3 e6 6. f4 Nge7 7. Nf3 O-O 8. Bd2
b6 9. O-O Bb7 10. Rb1 Nd4 11. a4 d5 12. exd5 Nxd5 13. Nxd5 Bxd5 14. b3 Qc7 15.
Nxd4 Bxd4+ 16. Kh1 Rad8 17. Bxd5 Rxd5 18. Qf3 Rfd8 19. Qe4 h5 20. Be3 a6 21. h4
Qc6 22. Kh2 Qd7 23. Rbe1 b5 24. axb5 axb5 25. Bxd4 cxd4 26. Ra1 Rc8 27. Ra2
Rdc5 28. Rf2 Kg7 29. Re2 R8c6 30. Kg2 Rc8 31. Kf2 Rf5 32. Ke1 Qd6 33. Ra7 Qc5
34. Qxe6 Qxa7 35. Qxc8 Qa1+ 36. Kf2 Qh1 37. Re8 Qh2+ 38. Kf3 Qh1+ 39. Ke2 Qg2+
40. Kd1 Qg1+ 41. Kd2 Qxg3 42. Rg8+ Kh7 43. Rh8+ Kg7 44. Qf8+ Kf6 45. Qd6+ Kg7
46. Qf8+ 1/2-1/2

[Event "Ct. Lleida indiv. Absolut"]
[Site "Lleida"]
[Date "2013.10.13"]
[Round "2"]
[White "Parramon Guillaumet, J."]
[Black "Ruiz Garcia, L."]
[Result "1-0"]
[WhiteElo "1942"]
[BlackElo "1693"]
[PlyCount "63"]
[EventDate "2013.??.??"]
[EventType "swiss"]
[EventRounds "9"]

1. Nf3 Nc6 2. g3 d5 3. Bg2 e5 4. d3 Nf6 5. O-O Be7 6. Nbd2 Bg4 7. h3 Bf5 8. Nh4
Bg6 9. c3 Qd7 10. a4 a5 11. Qb3 b6 12. Qb5 O-O 13. Nxg6 fxg6 14. c4 Rad8 15.
cxd5 Nd4 16. Qxd7 Nxe2+ 17. Kh2 Rxd7 18. Re1 Nxc1 19. Raxc1 Bd6 20. Re2 Re7 21.
Nc4 Nd7 22. Nxd6 cxd6 23. Rc6 Nc5 24. d4 Nd3 25. f4 Rd7 26. dxe5 dxe5 27. fxe5
Nb4 28. Rxb6 Nxd5 29. Rb5 Nb4 30. Rxa5 Re7 31. Rb5 Nd3 32. e6 1-0

[Event "Ct. Lleida indiv. Absolut"]
[Site "Lleida"]
[Date "2013.10.13"]
[Round "2"]
[White "Sole Pijuan, F."]
[Black "Quintas Galeano, L."]
[Result "0-1"]
[WhiteElo "1805"]
[BlackElo "2125"]
[PlyCount "80"]
[EventDate "2013.??.??"]
[EventType "swiss"]
[EventRounds "9"]

1. d4 Nf6 2. c4 e6 3. Nc3 d5 4. cxd5 exd5 5. Bg5 Nbd7 6. Nf3 Be7 7. e3 c6 8.
Bd3 Ne4 9. Bxe7 Qxe7 10. Qc2 f5 11. Rc1 O-O 12. O-O g5 13. Nd2 Ndf6 14. Ncxe4
fxe4 15. Be2 Bd7 16. Qc5 Qe6 17. h3 b6 18. Qc3 Qd6 19. b4 Rac8 20. Ba6 Rc7 21.
Bb5 g4 22. h4 g3 23. Be2 Bg4 24. Bxg4 Nxg4 25. f3 Nf2 26. fxe4 Qh6 27. Nf3 Rxf3
28. gxf3 Qxh4 29. Rxf2 gxf2+ 30. Kf1 dxe4 31. Qc2 Qh1+ 32. Kxf2 Qxf3+ 33. Ke1
Qxe3+ 34. Kd1 Qxd4+ 35. Ke2 Rf7 36. Qb3 Kf8 37. Rc2 Rf3 38. Qc4 Rf2+ 39. Ke1
Qe3+ 40. Kd1 Rxc2 0-1

[Event "Ct. Lleida indiv. Absolut"]
[Site "Lleida"]
[Date "2013.10.13"]
[Round "2"]
[White "Torrelles Hornos, R."]
[Black "Monell Camarasa, D."]
[Result "0-1"]
[WhiteElo "1818"]
[BlackElo "2252"]
[PlyCount "72"]
[EventDate "2013.??.??"]
[EventType "swiss"]
[EventRounds "9"]

1. d4 d5 2. Nf3 Nf6 3. Bg5 Ne4 4. Bf4 c6 5. e3 Qb6 6. Qc1 Bf5 7. Nbd2 Nxd2 8.
Nxd2 Nd7 9. Be2 e6 10. O-O Be7 11. c4 O-O 12. a3 c5 13. Qc3 Bf6 14. Nf3 cxd4
15. exd4 dxc4 16. Bxc4 Rac8 17. b3 Qc6 18. Qe3 Nb6 19. Be5 Nxc4 20. bxc4 Qxc4
21. Bxf6 gxf6 22. Qh6 Bg6 23. h4 Qd5 24. a4 Rc3 25. Rfe1 Qh5 26. Qf4 Qf5 27.
Qh6 Qg4 28. Re3 Rfc8 29. Rae1 Rxe3 30. Qxe3 b6 31. Qh6 a6 32. Rc1 Rxc1+ 33.
Qxc1 Be4 34. Qe3 Bxf3 35. Qxf3 Qxf3 36. gxf3 Kg7 0-1

[Event "Ct. Lleida indiv. Absolut"]
[Site "Lleida"]
[Date "2013.10.13"]
[Round "2"]
[White "Villa Gimenez, C."]
[Black "Cosialls Ris, R."]
[Result "1-0"]
[WhiteElo "1954"]
[BlackElo "1699"]
[PlyCount "117"]
[EventDate "2013.??.??"]
[EventType "swiss"]
[EventRounds "9"]

1. d4 d5 2. Nf3 Nf6 3. c4 c6 4. cxd5 cxd5 5. Nc3 e6 6. Bf4 Nbd7 7. e3 Be7 8.
Bd3 a6 9. O-O b5 10. a4 b4 11. Nb1 Bb7 12. Nbd2 Ne4 13. Nb3 O-O 14. Qb1 Ndf6
15. h3 Bd6 16. Ne5 Rc8 17. f3 Bxe5 18. dxe5 Nd7 19. fxe4 Nc5 20. Nxc5 Rxc5 21.
Rd1 Qa5 22. exd5 Rxd5 23. Be2 Kh8 24. Bf3 Rxd1+ 25. Qxd1 Rd8 26. Qe2 Bxf3 27.
Qxf3 h6 28. Rd1 Rc8 29. Qb7 Rc7 30. Qa8+ Kh7 31. Qe4+ g6 32. Qa8 g5 33. Qe4+
Kg7 34. Bg3 Qxa4 35. Qf3 Rc8 36. Qf6+ Kg8 37. Rf1 Rf8 38. Qxh6 Qc2 39. Qxg5+
Qg6 40. Qxg6+ fxg6 41. Rxf8+ Kxf8 42. Be1 a5 43. Kf2 Kg7 44. Kf3 g5 45. g4 Kf7
46. Ke4 Ke7 47. Kd4 Kd7 48. Kc5 a4 49. Bxb4 Kc7 50. Kb5 Kb7 51. Kxa4 Kc6 52.
Bd6 Kd5 53. b4 Kc6 54. b5+ Kb6 55. Kb4 Kb7 56. Kc5 Ka7 57. Bc7 Kb7 58. b6 Ka8
59. Kd6 1-0

[Event "Ct. Lleida indiv. Absolut"]
[Site "Lleida"]
[Date "2013.10.20"]
[Round "3"]
[White "Arno Bendicho, A."]
[Black "Capdevila Duran, J."]
[Result "1-0"]
[WhiteElo "1927"]
[BlackElo "1786"]
[PlyCount "99"]
[EventDate "2013.??.??"]
[EventType "swiss"]
[EventRounds "9"]

1. d4 Nf6 2. Nf3 e6 3. c4 Bb4+ 4. Bd2 Bxd2+ 5. Nbxd2 d6 6. e3 O-O 7. Bd3 Re8 8.
e4 c5 9. O-O cxd4 10. Nxd4 e5 11. Nb5 a6 12. Nc3 Nc6 13. Nb3 Be6 14. Nd5 Bxd5
15. cxd5 Ne7 16. Qd2 Rc8 17. Na5 Rb8 18. Qb4 Qd7 19. Nc4 Nc8 20. Rac1 b5 21.
Na5 Ne7 22. Nc6 Rbc8 23. Nxe7+ Qxe7 24. Qa3 Ra8 25. Rc6 Red8 26. Rxa6 Rxa6 27.
Qxa6 Rb8 28. Rc1 g6 29. h3 b4 30. Rc8+ Rxc8 31. Qxc8+ Qe8 32. Qc7 Qa4 33. Qxd6
Qd1+ 34. Bf1 Nxe4 35. Qb8+ Kg7 36. Qxe5+ Nf6 37. d6 Qa4 38. Qd4 Qd7 39. Qxb4
Ne8 40. Qd4+ f6 41. a4 Qxd6 42. Qe4 Nc7 43. Qb7 Kh6 44. a5 Ne6 45. a6 Nc5 46.
Qb5 Nd7 47. b4 Qd4 48. Qb7 Nb6 49. a7 Qd5 50. Qb8 1-0

[Event "Ct. Lleida indiv. Absolut"]
[Site "Lleida"]
[Date "2013.10.20"]
[Round "3"]
[White "Cosialls Baz, D."]
[Black "Llavall Sans, D."]
[Result "0-1"]
[WhiteElo "1690"]
[BlackElo "2098"]
[PlyCount "80"]
[EventDate "2013.??.??"]
[EventType "swiss"]
[EventRounds "9"]

1. d4 d6 2. Nf3 Nd7 3. Bf4 Ngf6 4. e3 c6 5. c4 Qc7 6. Nc3 e5 7. dxe5 dxe5 8.
Bg5 Bb4 9. Qc2 Qa5 10. Rc1 Qxa2 11. Bxf6 gxf6 12. Bd3 Nc5 13. O-O Bxc3 14. Qxc3
Qb3 15. Qxb3 Nxb3 16. Rcd1 Bg4 17. Be2 Ke7 18. h3 Bxf3 19. Bxf3 Rhd8 20. Bg4
Nd2 21. Rfe1 Nxc4 22. b3 Nd6 23. e4 Nb5 24. Bf5 h6 25. b4 Rxd1 26. Rxd1 Rd8 27.
Rxd8 Kxd8 28. Kf1 Nd4 29. Bg4 Nc2 30. b5 cxb5 31. Ke2 Nd4+ 32. Kd3 a5 33. Kc3
Kc7 34. Bh5 b4+ 35. Kb2 b5 36. Bxf7 a4 37. Bd5 Kd6 38. g4 b3 39. Ka3 Nc2+ 40.
Kb2 Nb4 0-1

[Event "Ct. Lleida indiv. Absolut"]
[Site "Lleida"]
[Date "2013.10.20"]
[Round "3"]
[White "Farre Regada, J."]
[Black "Campos Olaya, I."]
[Result "1-0"]
[WhiteElo "1878"]
[BlackElo "2165"]
[PlyCount "54"]
[EventDate "2013.??.??"]
[EventType "swiss"]
[EventRounds "9"]

1. e4 c6 2. d4 d5 3. exd5 cxd5 4. Bd3 Nc6 5. c3 Nf6 6. Bf4 Bg4 7. Qb3 Qd7 8.
Nd2 e6 9. Ngf3 Bxf3 10. Nxf3 Bd6 11. Bxd6 Qxd6 12. O-O O-O 13. Rfe1 Qc7 14. h3
Rab8 15. Ne5 Nxe5 16. Rxe5 b5 17. Rc1 b4 18. c4 dxc4 19. Rxc4 Qb6 20. Rec5 a5
21. Qa4 Ra8 22. Be2 Ne4 23. Rc6 Qd8 24. Qc2 Nd6 25. R4c5 Nb7 26. Rb5 Nd6 27.
Rbc5 Rc8 1-0

[Event "Ct. Lleida indiv. Absolut"]
[Site "Lleida"]
[Date "2013.10.20"]
[Round "3"]
[White "Ghenghiu, A."]
[Black "Gutierrez Martos, FE."]
[Result "0-1"]
[WhiteElo "1700"]
[BlackElo "2026"]
[PlyCount "56"]
[EventDate "2013.??.??"]
[EventType "swiss"]
[EventRounds "9"]

1. d4 d5 2. c4 c6 3. Nc3 Nf6 4. Nf3 dxc4 5. a4 Bf5 6. e3 e6 7. h3 Bb4 8. Bxc4
O-O 9. O-O Qe7 10. Bd3 Bxd3 11. Qxd3 Nbd7 12. b3 Rfd8 13. Ne4 e5 14. Nxf6+ Qxf6
15. Qc4 a5 16. Bb2 e4 17. Ne1 Nb6 18. Qc2 Qe6 19. Kh2 Nd5 20. g3 Re8 21. Ng2 g5
22. h4 h6 23. hxg5 hxg5 24. Rh1 Kg7 25. Kg1 Rh8 26. Rxh8 Rxh8 27. Kf1 Rh1+ 28.
Ke2 Qg4+ 0-1

[Event "Ct. Lleida indiv. Absolut"]
[Site "Lleida"]
[Date "2013.10.20"]
[Round "3"]
[White "Monfa Sole, R."]
[Black "Barbero Sendic, A."]
[Result "0-1"]
[WhiteElo "2008"]
[BlackElo "2340"]
[PlyCount "64"]
[EventDate "2013.??.??"]
[EventType "swiss"]
[EventRounds "9"]

1. d3 b6 2. a3 Bb7 3. e4 d5 4. exd5 Nf6 5. Nf3 g6 6. Be2 Nxd5 7. d4 Bg7 8. O-O
Qd6 9. Nc3 Nxc3 10. bxc3 O-O 11. Bb2 c5 12. c4 Nc6 13. c3 Rfd8 14. d5 Na5 15.
Qa4 e6 16. Rad1 Re8 17. Rfe1 Rad8 18. Bd3 Qd7 19. Qxd7 Rxd7 20. dxe6 Rxe6 21.
Rxe6 fxe6 22. Ng5 Nxc4 23. Bc1 Ne5 24. Bc2 Rxd1+ 25. Bxd1 Bd5 26. Be2 h6 27.
Nh3 Bc4 28. Kf1 Kf7 29. Ke1 Bxe2 30. Kxe2 c4 31. f3 Nd3 32. Bd2 Bf8 0-1

[Event "Ct. Lleida indiv. Absolut"]
[Site "Lleida"]
[Date "2013.10.20"]
[Round "3"]
[White "Nieto Badia, P."]
[Black "Biosca Lacasa, J."]
[Result "1-0"]
[WhiteElo "1633"]
[BlackElo "1940"]
[PlyCount "55"]
[EventDate "2013.??.??"]
[EventType "swiss"]
[EventRounds "9"]

1. Nf3 d5 2. c4 c6 3. b3 Bf5 4. Bb2 e6 5. g3 Nf6 6. Bg2 Nbd7 7. O-O Bc5 8. d4
Bb6 9. Nbd2 O-O 10. Nh4 Bg4 11. h3 Bh5 12. g4 Ne8 13. Nhf3 Bg6 14. cxd5 exd5
15. Ba3 c5 16. Rc1 Qe7 17. Re1 f5 18. g5 Rc8 19. dxc5 Bxc5 20. b4 Bxb4 21. Bxb4
Rxc1 22. Bxe7 Rxd1 23. Rxd1 Rf7 24. Bb4 f4 25. Nh4 Be4 26. Nxe4 dxe4 27. Bxe4
Nb6 28. Rd8 1-0

[Event "Ct. Lleida indiv. Absolut"]
[Site "Lleida"]
[Date "2013.10.20"]
[Round "3"]
[White "Palau Cabases, A."]
[Black "Pages Jane, J."]
[Result "1-0"]
[WhiteElo "1961"]
[BlackElo "1692"]
[PlyCount "45"]
[EventDate "2013.??.??"]
[EventType "swiss"]
[EventRounds "9"]

1. e4 c5 2. Nc3 d6 3. f4 g6 4. Nf3 Nc6 5. Bc4 e6 6. O-O Bg7 7. d3 Nge7 8. Qe1
O-O 9. f5 exf5 10. Bg5 Be6 11. exf5 Bxc4 12. f6 Bxf6 13. Bxf6 Be6 14. Qh4 h5
15. Rae1 Re8 16. Qg5 Kh7 17. Ne4 Qc7 18. Bc3 Nd5 19. Nf6+ Nxf6 20. Qxf6 Nd4 21.
Ng5+ Kg8 22. Re4 Re7 23. Rxd4 1-0

[Event "Ct. Lleida indiv. Absolut"]
[Site "Lleida"]
[Date "2013.10.20"]
[Round "3"]
[White "Pera Lucas, E."]
[Black "Farre Morell, A."]
[Result "1-0"]
[WhiteElo "1934"]
[BlackElo "1738"]
[PlyCount "85"]
[EventDate "2013.??.??"]
[EventType "swiss"]
[EventRounds "9"]

1. e4 d5 2. exd5 Nf6 3. Bb5+ c6 4. dxc6 bxc6 5. Be2 e5 6. d3 Bc5 7. Be3 Bxe3 8.
fxe3 Qb6 9. Nd2 Qxe3 10. Nc4 Qc5 11. Nf3 Ba6 12. d4 exd4 13. Qxd4 Qxd4 14. Nxd4
O-O 15. O-O Re8 16. Rfe1 Rxe2 17. Rxe2 Bxc4 18. Re7 Bd5 19. Rae1 Na6 20. c4
Bxc4 21. Nxc6 Bxa2 22. Ra1 Bc4 23. Ne5 Bb5 24. Rb7 Rb8 25. Rxb8+ Nxb8 26. Rxa7
Ne8 27. Rb7 Ba6 28. Rxb8 Kf8 29. b4 f6 30. Nd7+ Ke7 31. Nc5 Bc4 32. Kf2 Nd6 33.
Ke3 h5 34. g3 f5 35. Kd4 g5 36. Nb7 Be2 37. Nxd6 Kxd6 38. Rb6+ Kc7 39. Rg6 f4
40. Rxg5 f3 41. Ke3 Bd1 42. Kf2 h4 43. gxh4 1-0

[Event "Ct. Lleida indiv. Absolut"]
[Site "Lleida"]
[Date "2013.10.20"]
[Round "3"]
[White "Perez Cabas, J."]
[Black "Farre Selma, D."]
[Result "0-1"]
[WhiteElo "2021"]
[BlackElo "1882"]
[PlyCount "96"]
[EventDate "2013.??.??"]
[EventType "swiss"]
[EventRounds "9"]

1. e4 c5 2. Nf3 d6 3. d4 cxd4 4. Nxd4 Nf6 5. Nc3 a6 6. Bc4 e5 7. Nb3 b5 8. Bd3
Be6 9. O-O Nc6 10. Re1 Be7 11. a3 O-O 12. Nd2 Nd4 13. Nf1 Qb6 14. Ne3 Rfd8 15.
Ncd5 Qb7 16. c3 Nc6 17. Qf3 Na5 18. Bc2 Rac8 19. Nxe7+ Qxe7 20. Nd5 Bxd5 21.
exd5 Nc4 22. Bg5 h6 23. Bh4 Nxb2 24. Qg3 Nc4 25. a4 Kf8 26. axb5 axb5 27. Bd3
g5 28. Bxg5 hxg5 29. Qxg5 Ng8 30. Qg3 Ra8 31. Rab1 Rdb8 32. h4 Qf6 33. Rb4 Qf4
34. Qh3 Ra2 35. Rf1 Rb2 36. Bxc4 Rxb4 37. cxb4 Qxc4 38. h5 Nf6 39. h6 Qg4 40.
Qc3 Qg6 41. Qe3 Ng4 42. Qa7 Re8 43. Qd7 Nxh6 44. Qxb5 Ng4 45. f3 Ne3 46. Rf2
Ra8 47. Re2 Ra1+ 48. Kf2 Nd1+ 0-1

[Event "Ct. Lleida indiv. Absolut"]
[Site "Lleida"]
[Date "2013.10.20"]
[Round "3"]
[White "Quintas Galeano, L."]
[Black "Parramon Guillaumet, J."]
[Result "1-0"]
[WhiteElo "2125"]
[BlackElo "1942"]
[PlyCount "57"]
[EventDate "2013.??.??"]
[EventType "swiss"]
[EventRounds "9"]

1. e4 e6 2. d4 a6 3. c4 d5 4. Nc3 Nf6 5. e5 Ne4 6. Nf3 Nxc3 7. bxc3 c5 8. Bd3
Nc6 9. O-O dxc4 10. Bxc4 b5 11. Bd3 Bb7 12. Be4 Qc7 13. d5 Nxe5 14. d6 Nxf3+
15. Qxf3 Bxe4 16. Qxe4 Qc8 17. Rd1 Kd7 18. a4 bxa4 19. Rb1 Ra7 20. Qxa4+ Qc6
21. Qf4 f6 22. Be3 Bxd6 23. Qg4 g5 24. Qc4 Ke7 25. Rxd6 Kxd6 26. Rd1+ Kc7 27.
Bxc5 Rb7 28. Bd6+ Kb6 29. Qd4+ 1-0

[Event "Ct. Lleida indiv. Absolut"]
[Site "Lleida"]
[Date "2013.10.20"]
[Round "3"]
[White "Ruiz Garcia, L."]
[Black "Urpi Torrents, R."]
[Result "0-1"]
[WhiteElo "1693"]
[BlackElo "2055"]
[PlyCount "78"]
[EventDate "2013.??.??"]
[EventType "swiss"]
[EventRounds "9"]

1. e4 c5 2. Nf3 e6 3. d4 cxd4 4. Nxd4 Nc6 5. Nc3 a6 6. Be2 Nf6 7. Bg5 Be7 8.
O-O Qc7 9. Bf3 O-O 10. Re1 Ne5 11. Bf4 Nxf3+ 12. Qxf3 d6 13. e5 dxe5 14. Bxe5
Qc5 15. Rad1 Nd7 16. Qg3 Nxe5 17. Qxe5 Qxe5 18. Rxe5 Rd8 19. Ree1 Bd7 20. Nf3
Be8 21. h3 Rac8 22. Rxd8 Bxd8 23. Nd4 Ba5 24. Nde2 Bb5 25. Kf1 Bxc3 26. bxc3
Rxc3 27. Rd1 Kf8 28. Rd2 Ra3 29. Ke1 Bxe2 30. Kxe2 Rxa2 31. Kd3 Ke7 32. Kc3 Ra5
33. Kb3 Rd5 34. Re2 Kd6 35. c4 Rd3+ 36. Kc2 Rd4 37. Kc3 e5 38. Rb2 Kc6 39. Ra2
f6 0-1

[Event "Ct. Lleida indiv. Absolut"]
[Site "Lleida"]
[Date "2013.10.20"]
[Round "3"]
[White "Trepat Herranz, J."]
[Black "Villa Gimenez, C."]
[Result "1-0"]
[WhiteElo "2336"]
[BlackElo "1954"]
[PlyCount "59"]
[EventDate "2013.??.??"]
[EventType "swiss"]
[EventRounds "9"]

1. Nf3 d5 2. d4 Nf6 3. c4 e6 4. g3 dxc4 5. Bg2 Bb4+ 6. Bd2 a5 7. O-O Bxd2 8.
Nbxd2 b5 9. a4 c6 10. Ne5 Nd5 11. Ne4 f6 12. Nf3 O-O 13. Rc1 bxa4 14. Rxc4 Qb6
15. Qd2 Qb3 16. Rfc1 Ba6 17. R4c2 Qb5 18. Bh3 f5 19. Nc3 Nxc3 20. Qxc3 Qb4 21.
Qe3 Qd6 22. Ne5 Bb5 23. Bg2 Rd8 24. Rd2 Ra6 25. Qg5 Rb6 26. e4 h6 27. Qg6 Qxe5
28. dxe5 Rxd2 29. exf5 exf5 30. e6 1-0

[Event "Ct. Lleida indiv. Absolut"]
[Site "Lleida"]
[Date "2013.10.27"]
[Round "4"]
[White "Barbero Sendic, A."]
[Black "Llavall Sans, D."]
[Result "1-0"]
[WhiteElo "2340"]
[BlackElo "2098"]
[PlyCount "44"]
[EventDate "2013.??.??"]
[EventType "swiss"]
[EventRounds "9"]

1. e4 d6 2. d4 Nf6 3. Nc3 c6 4. f4 Qa5 5. Bd3 e5 6. Nf3 exd4 7. Nxd4 Be7 8. h3
Qb6 9. Nb3 a5 10. Qf3 a4 11. Be3 c5 12. e5 dxe5 13. fxe5 Nfd7 14. Nd5 Qd8 15.
O-O O-O 16. Qe4 g6 17. e6 f5 18. exd7 fxe4 19. dxc8=Q Qxd5 20. Rxf8+ Bxf8 21.
Rf1 Nd7 22. Qxa8 axb3 1-0